Државе са територијалним претензијама на Антарктику - Statistics

General Stats
  • This quiz has been taken 67 times
  • The average score is 5 of 7
Answers on the Map
Answers color-coded by a green-red scale on the quiz's map according to % correct below.
 
Answer Stats
Државе % Correct
Уједињено Краљевство
77%
Аустралија
74%
Аргентина
72%
Норвешка
72%
Чиле
60%
Француска
54%
Нови Зеланд
49%
No matching quizzes found
Score Distribution
Percent of People with Each Score
Percentile by Number Answered
Your Score History
You have not taken this quiz